export_success — 

SEO search engine optimization bible /

Bibliographic Details
Main Author: Ledford, Jerri L.
Corporate Author: ProQuest (Firm)
Format: Electronic eBook
Language:English
Published: Hoboken, N.J. : Chichester : Wiley ; John Wiley [distributor], 2008.
Subjects:
Online Access:Click to View
LEADER 01361nam a2200373Ia 4500
001 EBC331516
003 MiAaPQ
005 20200520144314.0
006 m o d |
007 cr cn|||||||||
008 070625s2008 nju s 000 0 eng d
020 |z 9780470175002 (pbk.) 
020 |z 0470175001 (pbk.) 
035 |a (MiAaPQ)EBC331516 
035 |a (Au-PeEL)EBL331516 
035 |a (CaPaEBR)ebr10226767 
035 |a (CaONFJC)MIL122230 
035 |a (OCoLC)608622457 
040 |a MiAaPQ  |c MiAaPQ  |d MiAaPQ 
050 4 |a HF5415.1265  |b .L43 2008 
100 1 |a Ledford, Jerri L. 
245 1 0 |a SEO  |h [electronic resource] :  |b search engine optimization bible /  |c Jerri L. Ledford. 
246 3 0 |a SEO bible 
246 3 0 |a Search engine optimization bible 
260 |a Hoboken, N.J. :  |b Wiley ;  |a Chichester :  |b John Wiley [distributor],  |c 2008. 
300 |a xviii, 389 p. 
533 |a Electronic reproduction. Ann Arbor, MI : ProQuest, 2015. Available via World Wide Web. Access may be limited to ProQuest affiliated libraries. 
650 0 |a Internet marketing. 
650 0 |a Web sites  |x Design. 
650 0 |a Web sites  |x Ratings and rankings. 
650 0 |a Affiliate programs (World Wide Web) 
655 4 |a Electronic books. 
710 2 |a ProQuest (Firm) 
856 4 0 |u https://ebookcentral.proquest.com/lib/matrademy/detail.action?docID=331516  |z Click to View